Seleções da AFC - Statistics

Estatísticas Gerais
  • Esse quiz foi jogado 65 vezes
  • A pontuação média é 38 de 46
Estatísticas das Respostas
Resposta % Correto
Coréia do Norte
96%
Coréia do Sul
96%
Índia
96%
Irã
96%
Iraque
96%
Arábia Saudita
94%
Indonésia
94%
Japão
94%
Paquistão
94%
Afeganistão
92%
China
92%
Malásia
92%
Mongólia
90%
Tailândia
90%
Turcomenistão
90%
Butão
88%
Catar
88%
Filipinas
88%
Líbano
87%
Nepal
87%
Omã
87%
Quirguistão
87%
Tajiquistão
87%
Vietnã
87%
Síria
85%
Timor-Leste
85%
Bahrein
83%
Bangladesh
83%
Emirados Árabes Unidos
83%
Uzbequistão
83%
Brunei
81%
Iêmen
81%
Laos
81%
Singapura
81%
Camboja
79%
Maldivas
79%
Sri Lanka
79%
Taiwan
79%
Jordânia
75%
Birmânia
71%
Kuwait
67%
Palestina
67%
Austrália
65%
Hong Kong
50%
Macau
42%
Guam
31%
Nenhum quiz correspondente encontrado
Distribuição das Pontuações
Porcentagem de Pessoas com Cada Pontuação
Percentil de Números Respondidos
Sua Pontuação Histórica
Você não jogou esse quiz